000 005060000a22001810004500
003 MACL
005 20151231171500.0
008 151231b xxu||||| |||| 00| 0 eng d
040 _aMACL
_cMACL
041 _aEnglish
082 _a338/BHA
100 _aBhatia, K.B.S.
_926046
245 _aSmall Industries for Entrepreneurs
_bAn Introduction to 225 Small Cotage Industries
260 _bSaroj Prakashan
_c1963
_aAllahabad
350 _a3.00
650 _aProduction
_93099
942 _cBK
_k338.642/BHA
_2ddc
999 _c37886
_d37886